Circuits de tramitació de la despesa / documentació realitzada per: Josep Casas Serra, Mercè Pifarré Llor ; organització i coordinació: Intervenció General, Servei d'Assistència a la Gestió Econòmica Local Josep Casas Serra, Mercè Pifarré Llor ; organització i coordinació:
MARC
| LEADER | 00000nam a2200000Ia 4500 | ||
|---|---|---|---|
| 001 | 21672 | ||
| 008 | 160829s2008 xx 000 0 cat d | ||
| 080 | |a M-6-219 | ||
| 100 | |a Casas Serra, Josep |9 44552 | ||
| 245 | |a Circuits de tramitació de la despesa / documentació realitzada per: |b Josep Casas Serra, Mercè Pifarré Llor ; organització i coordinació: |b Intervenció General, Servei d'Assistència a la Gestió Econòmica Local | ||
| 260 | |a Barcelona : |b Diputació de Barcelona. Àrea de Coordinació i Govern Local. Intervenció General. Servei d'Assistència a la Gestió Econòmica Local, |c 2008 | ||
| 300 | |a 109 p. : |b taules ; |c 29 cm | ||
| 650 | |a Despeses públiques |x Manuals, guies, etc. |9 45384 | ||
| 700 | |a Pifarré Llor, Mercè |9 45385 | ||
| 710 | 1 | |a Barcelona (Catalunya : Província). |b Servei d’Assistència a la Gestió Econòmica Local |9 53081 | |
| 901 | |a Arxiu | ||
| 942 | |n 1 | ||
| 952 | |0 0 |1 0 |4 0 |6 M6219 |7 1 |9 52563 |a Arxiu |b Arxiu |d 2016-12-01 |l 0 |o M-6-219 |p 21672 |r 2016-12-01 00:00:00 |w 2016-12-01 |y ARXIU | ||
| 999 | |c 56412 |d 56412 | ||